书目信息 |
| 题名: |
数学志异
|
|
| 作者: | 王树和 著 ;张景中 主编 | |
| 分册: | ||
| 出版信息: | 北京 科学出版社 2008.08 |
|
| 页数: | 17, 181页 | |
| 开本: | 21cm | |
| 丛书名: | 好玩的数学 | |
| 单 册: | ||
| 中图分类: | O1-49 | |
| 科图分类: | ||
| 主题词: | 数学--shu xue--普及读物 | |
| 电子资源: | ||
| ISBN: | 978-7-03-021469-0 | |
| 000 | 00977nam 2200289 450 | |
| 001 | 012009685601 | |
| 005 | 20090427081726.84 | |
| 010 | @a978-7-03-021469-0@dCNY21.00 | |
| 100 | @a20090420d2008 em y0chi0120 ea | |
| 101 | 0 | @achi |
| 102 | @aCN@b110000 | |
| 105 | @aac a 000y | |
| 106 | @ar | |
| 200 | 1 | @a数学志异@Ashu xue zhi yi@f王树和著@Fwang shu he zhu@g张景中主编@Gzhang jing zhong zhu bian |
| 205 | @a普及版 | |
| 210 | @a北京@c科学出版社@d2008.08 | |
| 215 | @a17, 181页@c图, 肖像@d21cm | |
| 225 | 2 | @a好玩的数学@Ahao wan de shu xue |
| 320 | @a有书目 (第181页) | |
| 330 | @a本书介绍了数学悖论,第一次、第二次、第三次数学危机,哥德尔不可判定命题、混沌等非平凡问题;数学思想与数学哲学当中的敏感问题等内容。 | |
| 410 | 0 | @12001 @a好玩的数学 |
| 606 | 0 | @a数学@Ashu xue@j普及读物 |
| 690 | @aO1-49@v4 | |
| 701 | 0 | @a王树和@Awang shu he@4著 |
| 702 | 0 | @a张景中@Azhang jing zhong@4主编 |
| 801 | 0 | @aCN@bQSSK@c20090427 |
| 905 | @b737366-68@dO1-49@eW352@f3 | |
| 数学志异/王树和著/张景中主编.-普及版.-北京:科学出版社,2008.08 |
| 17, 181页:图, 肖像;21cm.-(好玩的数学) |
| ISBN 978-7-03-021469-0:CNY21.00 |
| 本书介绍了数学悖论,第一次、第二次、第三次数学危机,哥德尔不可判定命题、混沌等非平凡问题;数学思想与数学哲学当中的敏感问题等内容。 |
| ● |
| 相关链接 |
|
|
|
正题名:数学志异
索取号:O1-49/W352
 
预约/预借
| 序号 | 登录号 | 条形码 | 馆藏地/架位号 | 状态 | 备注 |
| 1 | 737366 | 207373661 | 自科库401/401自科库 105排5列3层/ [索取号:O1-49/W352] | 在馆 | |
| 2 | 737367 | 207373670 | 期刊室512/401自科库 105排5列3层/ [索取号:O1-49/W352] | 在馆 | |
| 3 | 737368 | 207373689 | 期刊室512/401自科库 105排5列3层/ [索取号:O1-49/W352] | 在馆 |